| 000 | 00000nam##2200000za#4500 |
| 001 | 9.625410 |
| 003 | CaOODSP |
| 005 | 20200706134924 |
| 007 | ta |
| 008 | 150406|2000||||xxc||||| f|0| 0 fre|d |
| 020 | |a0-660-96398-1 |
| 022 | |a1200-5231 |
| 040 | |aCaOODSP|bfre |
| 043 | |an-cn--- |
| 086 | 1 |aCS11-0019/152F |
| 245 | 00|aLes jeunes ruraux : |brester, quitter, revenir / |cpar Richard Dupuy, Francine Mayer et René Morissette. |
| 260 | |aOttawa - Ontario : |bStatistique Canada. |c2000. |
| 300 | |a175p. : |btableaux ; |c28 cm. |
| 490 | 1 |aDocuments de recherche|x1200-5231|v152 |
| 500 | |a«Le présent document a illustré les modèles de migration dans les régions urbaines et rurales pendant les années 90. [...] Comme il n'y a pas de données suffisantes à l'échelle nationale, nous n'avons pas examiné les facteurs qui sous-tendent les modèles de migration et de migration de retour.»--Page 30. |
| 520 | 3 |aLe présent document a illustré les modèles de migration dans les régions urbaines et rurales pendant les années 90. [...] Comme il n'y a pas de données suffisantes à l'échelle nationale, nous n'avons pas examiné les facteurs qui sous-tendent les modèles de migration et de migration de retour.--Page 30 |
| 563 | |aReliure à anneaux |
| 590 | |a00-37|b2000-09-15 |
| 710 | 2 |aStatistique Canada. |bDirection des études analytiques. |
| 720 | 1 |aDupuy, Richard |
| 720 | 1 |aMayer, Francine |
| 720 | 1 |aMorissette, René |
| 775 | 08|tRural youth : |w(CaOODSP)9.615299 |
| 776 | 0#|tLes jeunes ruraux : |w(CaOODSP)9.604413 |
| 830 | #0|aDocuments de recherche,|x1200-5231|v152|w(CaOODSP)9.512877 |